Statistics for American Capital Cities by Closest Capital Cities

Click here to take the quiz!

General Stats

  • This quiz has been taken 32 times
  • The average score is 25 of 35

Answer Stats

HINTHINTHINTANSWER% Correct
AsuncionLimaSantiagoSucre
96%
Buenos AiresAsuncionSantiagoMontevideo
93%
AsuncionSucreMontevideoBrasilia
89%
BogotaPanamaSan JoseQuito
82%
Buenos AiresMontevideoAsuncionSantiago
82%
Buenos AiresSucreMontevideoAsuncion
79%
QuitoSucreBogotaLima
79%
OttawaNassauHavanaWashington
79%
QuitoPanamaCaracasBogota
75%
MontevideoAsuncionSantiagoBuenos Aires
75%
Guatemala CityTegucigalpaSan SalvadorBelmopan
71%
ParamariboPort-of-SpainSaint George'sGeorgetown
71%
San SalvadorBelmopanTegucigalpaGuatemala City
71%
NassauKingstonBelmopanHavana
71%
HavanaKingstonPort-au-PrinceNassau
71%
BasseterreRoseauCastriesSaint John's
71%
Port-au-PrinceSanto DomingoNassauKingston
68%
CastriesSaint George'sBridgetownKingstown
68%
TegucigalpaSan JoseSan SalvadorManagua
68%
Guatemala CityBelmopanSan SalvadorMexico City
68%
WashingtonNassauHavanaOttawa
68%
San JoseBogotaManaguaPanama
68%
Santo DomingoKingstonNassauPort-au-Prince
68%
CastriesSaint John'sKingstownRoseau
68%
ManaguaPanamaTegucigalpaSan Jose
68%
Guatemala CityTegucigalpaManaguaSan Salvador
68%
San SalvadorManaguaGuatemala CityTegucigalpa
68%
Saint John'sRoseauCastriesBasseterre
64%
KingstownCastriesSaint George'sBridgetown
64%
KingstownRoseauBridgetownCastries
64%
Port-au-PrinceKingstonBasseterreSanto Domingo
64%
GeorgetownPort-of-SpainBridgetownParamaribo
61%
Saint George'sKingstownBridgetownPort-of-Spain
61%
KingstownPort-of-SpainCastriesSaint George's
61%
Saint George'sPort-of-SpainKingstownCaracas
50%

Score Distribution

Percentile by Number Answered

Percent of People with Each Score

Your Score History

You have not taken this quiz